|
|
|
|
| LEADER |
00000ny a22000003n 4500 |
| 005 |
2011051100370.0 |
| 008 |
100302c19uu9999us br pss 0 a0eng d |
| 022 |
|
|
|a 0011-7625
|
| 035 |
|
|
|a 3004
|
| 040 |
|
|
|a BUS
|d vLex
|
| 090 |
|
|
|c 1678
|d 1678
|
| 245 |
3 |
0 |
|a Defense Transportation Journal: magazine of international defense transportation and logistics
|h [Recurso electrn̤ico]
|
| 256 |
|
|
|a Servicio en ln̕ea
|
| 260 |
|
|
|a New York :
|b National Defense Transportation Association
|
| 310 |
|
|
|a Bimestral
|
| 500 |
|
|
|a Procede de: National Defense Transportation Journal (hasta 1967)
|
| 506 |
1 |
|
|a Contenido solo disponible en los productos indicados
|d vLex Global
|d vLex Global (Academic Edition, excluding Law Schools)
|d vLex Global (Academic Edition, Law Schools)
|
| 651 |
|
4 |
|a Estados Unidos
|x Defensa nacional
|
| 740 |
0 |
|
|a vLex Revista (Servicios en ln̕ea)
|
| 780 |
0 |
0 |
|t Army transportation journal
|
| 785 |
|
0 |
|t National Defense transportation journal
|x 0193-8851
|
| 843 |
|
|
|a Electrn̤ica. Abierta
|
| 853 |
|
|
|8 1
|i (year)
|j (month)
|k (day)
|
| 856 |
4 |
0 |
|z Acceso restringido
|u http://vlex.com/account/login_ip?fuente_id=3004
|
| 942 |
|
|
|c REV
|